Classicisme i modernisme en el cementiri de Sant Andreu / Raquel Lacuesta,... [et al.]
ISBN:
978-84-937521-0-1
Descripción Física:
271 p. : fot. col. ; 21 cm
Otros Autores:
Lacuesta, Raquel, 1949-
MARC
| LEADER | 00000nam a2200000Ia 4500 | ||
|---|---|---|---|
| 001 | 22196 | ||
| 008 | 160829s2009 xx 000 0 cat d | ||
| 020 | |a 978-84-937521-0-1 | ||
| 080 | |a B-2-204 | ||
| 245 | |a Classicisme i modernisme en el cementiri de Sant Andreu / Raquel Lacuesta,... [et al.] | ||
| 260 | |a Barcelona : |b F12 Serveis Editorials, |c 2009 | ||
| 300 | |a 271 p. : |b fot. col. ; |c 21 cm | ||
| 650 | |a Cementiri de Sant Andreu |9 38309 | ||
| 650 | |a Cementiris |x Barcelona |9 38310 | ||
| 651 | 0 | |a Sant Andreu de Palomar (Barcelona, Catalunya) |x Història |9 53195 | |
| 700 | |a Lacuesta, Raquel, |d 1949- |9 24935 | ||
| 901 | |a Arxiu | ||
| 942 | |n 1 | ||
| 952 | |0 0 |1 0 |4 0 |6 B2204 |7 1 |9 48367 |a Arxiu |b Arxiu |d 2016-12-01 |l 0 |o B-2-204 |p 22196 |r 2016-12-01 00:00:00 |w 2016-12-01 |y ARXIU | ||
| 999 | |c 52173 |d 52173 | ||